000 00468nam a2200169Ia 4500
008 240729s9999 xx 000 0 und d
022 _a2279-1965
245 0 _aSri Lankan Journal of Anaesthesiology
260 _aSri Lanka
260 _bCollege of Anaesthesiologists of Sri Lanka
650 _a Anesthesiology
650 _a Surgery
650 _aMedicine
856 _uhttps://doaj.org/toc/a958c2077e08477ab8283339343ab98c
942 _2ddc
942 _cDOAJEJ
999 _c70963
_d70963
945 _a1
_bMadushi Gamage
_c1
_dMadushi Gamage